000 01114nam a2200301 c 4500
999 _c428205
_d428205
003 BLK
005 20210812145152.0
008 180411b bul|||||r ||||||| ||bul||
040 _aBLK
041 _aRUS
_cRUS
080 _aРуска литература
_b821.161.1
_x-3
_z821.161.1-3
100 _aЛитвин, С.
_eпърви автор
_9462265
139 _aЛитвин, С.
245 1 0 _aЖертвоприношение
_cС. Литвин
257 _aRUS
260 _bтип. В. В. Комарова
_c1898
_9435488
_aСанкт-Петербург
300 _a83 с.
_c25 см
380 _aX
490 _aКолекция Редки и ценни издания
_9435080
852 _aРр 898
_bРц
856 4 _qpdf
856 4 _qpdf
942 _cKNG
_n0
_s1
944 _aCR
_c2021-08-12
_kнр